Engaging questions a guide to writing
Sábháilte in:
| Príomhchruthaitheoir: | |
|---|---|
| Formáid: | LEABHAR |
| Teanga: | Béarla |
| Foilsithe / Cruthaithe: |
McGraw-Hill
2021
|
| Clibeanna: |
Cuir clib leis
Níl clibeanna ann, Bí ar an gcéad duine le clib a chur leis an taifead seo!
|
MARC
| LEADER | 00000nam a22000007a 4500 | ||
|---|---|---|---|
| 008 | 230109b |||||||| |||| 00| 0 eng d | ||
| 020 | |a 9781260571370 | ||
| 100 | |a CHANNELL, Caroly E. |a Crusius, Timothy W. | ||
| 245 | |a Engaging questions |b a guide to writing |c Carolyn E. Channel, Timothy W. Crusius |g xxii,551p;ill | ||
| 250 | |c 3rd | ||
| 260 | |b McGraw-Hill |c 2021 |h New York |i 699718 |i 699719 |l PE1408.C36 |m English language- Rhetoric- Handbooks, manuals etc |m English language- Grammar- Handbooks, manuals etc |m Report writing- Handbooks, manuals etc | ||
| 500 | |a it includes index | ||
| 942 | |a lcc |c BK |e Johnson |f 09/01/22 | ||
| 952 | |0 0 |1 0 |2 lcc |4 0 |7 0 |9 4105 |a ART |b HOL |c LP |d 2023-01-09 |l 0 |p 2023-0036 |r 2023-01-09 00:00:00 |t 699718 |w 2023-01-09 |y BK | ||
| 952 | |0 0 |1 0 |2 lcc |4 0 |7 0 |9 4106 |a HOL |b HOL |c LP |d 2023-01-09 |l 0 |p 2023-0037 |r 2023-01-09 00:00:00 |t 699718 |w 2023-01-09 |y BK | ||
| 999 | |c 2058 |d 2058 | ||